Kdo je case manažer a proč ho česká společnost potřebuje?
Úloha case manažéra v systéme sociálnych a zdravotných služieb, približuje jeho kompetencie a zodpovednosti a dáva ich do súvislosti s cieľovou skupinou seniorov. Prípadová štúdia.
Uložené v:
| Hlavný autor: | |
|---|---|
| Médium: | Kapitola |
| Jazyk: | Czech |
| Predmet: | |
| Tagy: |
Žiadne tagy, Buďte prvý, kto otaguje tento záznam!
|
MARC
| LEADER | 00000naa a2200000 4500 | ||
|---|---|---|---|
| 001 | 0286636 | ||
| 005 | 20240417075209.6 | ||
| 041 | 0 | |a cze | |
| 044 | |a CZ | ||
| 245 | 1 | 0 | |a Kdo je case manažer a proč ho česká společnost potřebuje? |c Michaela Šímová |
| 520 | |a Úloha case manažéra v systéme sociálnych a zdravotných služieb, približuje jeho kompetencie a zodpovednosti a dáva ich do súvislosti s cieľovou skupinou seniorov. Prípadová štúdia. | ||
| 610 | 2 | 0 | |a Česko |
| 610 | 2 | 0 | |a služby sociálne |
| 610 | 2 | 0 | |a manažment |
| 610 | 2 | 0 | |a pracovníci sociálni |
| 610 | 2 | 0 | |a pomoc sociálna |
| 610 | 2 | 0 | |a štúdie prípadové |
| 100 | 1 | |a Šímová, Michaela | |